|
|
|
|
| LEADER |
03135cam a2200421 a 4500 |
| 001 |
10061702 |
| 003 |
GR-PaULI |
| 005 |
20221013114411.0 |
| 008 |
070529s1993 gr 1 gre d |
| 952 |
|
|
|0 0
|1 0
|2 ddc
|4 0
|6 398_209000000000000_495_BUR
|7 0
|9 59770
|a LISP
|b LISP
|c BSC
|d 2016-04-24
|i 083128
|l 1
|o 398.209 495 BUR
|p 025000150073
|r 2016-10-26 00:00:00
|s 2016-10-18
|t 2
|v 2016.00
|w 2016-04-24
|y BK15
|z ανατύπωση 1997
|
| 952 |
|
|
|0 0
|1 0
|2 ddc
|4 0
|6 292_130000000000000_BUR
|7 0
|9 59771
|a THST
|b THST
|d 2016-04-24
|i 011398
|l 2
|o 292.13 BUR
|p 025000138171
|r 2022-12-09 00:00:00
|s 2022-11-23
|t 4
|v 2016.00
|w 2016-04-24
|y BK15
|z ανατύπωση 1997
|
| 952 |
|
|
|0 0
|1 0
|2 ddc
|4 0
|6 398_209000000000000_495_BUR
|7 0
|9 150214
|a LISP
|b LISP
|c DON
|d 2016-04-24
|i 048864
|l 0
|o 398.209 495 BUR
|p 025000064868
|r 2016-04-24 00:00:00
|t 6
|v 2016.00
|w 2016-04-24
|y BKN
|
| 952 |
|
|
|0 0
|1 0
|2 ddc
|4 0
|6 398_209000000000000_495_BUR
|7 0
|9 150215
|a LISP
|b LISP
|c BSC
|d 2016-04-24
|i 26751
|l 0
|o 398.209 495 BUR
|p 025000071107
|r 2016-04-24 00:00:00
|t 3
|v 2016.00
|w 2016-04-24
|y BK15
|
| 952 |
|
|
|0 0
|1 0
|2 ddc
|4 0
|6 292_130000000000000_BUR
|7 0
|9 150216
|a THST
|b THST
|d 2016-04-24
|i 000715
|l 1
|o 292.13 BUR
|p 025000015190
|r 2022-12-08 00:00:00
|s 2022-11-29
|t 5
|v 2016.00
|w 2016-04-24
|y BK15
|
| 952 |
|
|
|0 0
|1 0
|2 ddc
|4 0
|6 292_130000000000000_BUR
|7 0
|9 232177
|a LISA
|b LISA
|c BSC
|d 2019-05-22
|i 15076
|l 0
|o 292.13 BUR
|p 025000262375
|r 2019-05-22 00:00:00
|t 1
|v 2019.00
|w 2019-05-22
|y BK15
|z ανατύπωση 1997
|
| 999 |
|
|
|c 38054
|d 38054
|
| 020 |
|
|
|a 9602500743
|
| 040 |
|
|
|a GR-PaULI
|b gre
|c GR-PaULI
|d GR-AiPI
|e AACR2
|
| 082 |
0 |
4 |
|a 398.209 495
|
| 082 |
0 |
4 |
|a 292.13
|2 23
|
| 100 |
1 |
|
|a Burkert, Walter
|d 1931-2015,
|e συγγραφέας.
|9 29550
|
| 245 |
1 |
0 |
|a Ελληνικη μυθολογία και τελετουργία :
|b δομή και ιστορία /
|c Walter Burkert ; μετάφραση Ηλέκτρα Ανδρεάδη.
|
| 260 |
|
|
|a Αθήνα :
|b Μορφωτικό Ιδρυμα Εθνικής Τραπέζης,
|c 1993.
|
| 300 |
|
|
|a 347 σ. ;
|c 22 εκ.
|
| 500 |
|
|
|a Τίτλος πρωτοτύπου: Structure and history of Greek mythology and ritual.
|
| 500 |
|
|
|a «ποικίλες ανατυπώσεις που εμφανίζονται ως διαφορετικές εκδόσεις»
2η έκδ. (δηλ. ανατύπωση) 1997.
|
| 505 |
1 |
|
|a Περιλαμβάνει βιβλιογραφία και ευρετήριο
|
| 650 |
|
4 |
|a Μυθολογία
|9 7349
|
| 650 |
|
4 |
|a Τελετουργίες και τελετές
|z Ελλάδα, Αρχαία
|9 54744
|
| 650 |
|
4 |
|9 4717
|a Μυθολογία, Ελληνική
|
| 700 |
1 |
|
|a Ανδρεάδη, Ηλέκτρα
|9 11931
|e μεταφράστρια.
|
| 765 |
0 |
|
|t Μετάφραση του :
|i Structure and history in Greek mythology and ritual
|
| 852 |
|
|
|a GR-PaULI
|b ΠΑΤΡΑ
|b ΒΚΠ
|b ΒΣ1
|k ΑΣΧΕ
|h 398.209 495 BUR
|m 083128
|p 025000150073
|t 1
|
| 852 |
|
|
|a GR-PaULI
|b ΠΑΤΡΑ
|b ΘΕΑΤΡΟΛΟΓΙΑ
|k ΑΣΧΕ-3
|h 292.13 BUR
|m 011398
|p 025000138171
|t 2
|
| 942 |
|
|
|2 ddc
|c BK15
|
| 998 |
|
|
|c ΠΑΠΑΧΡΙΣΤΟΠΟΥΛΟΣ
|d 2007-05
|
| 998 |
|
|
|c ΒΕΛΛΙΟΥ
|d 2019-05
|
| 998 |
|
|
|c ΚΟΚΟΤΟΥ
|d 2021-12
|